| 000 | 00813nam a2200193 a 4500 | ||
|---|---|---|---|
| 003 | 0 | ||
| 005 | 20250513110231.0 | ||
| 008 | 970101s19uu xx 00 eng d | ||
| 050 |
_aPHS HG 4538 _b.C47 2004 |
||
| 100 | _aCervantes, Bea Cara L. | ||
| 245 |
_aPerceptions of selected treasury department staff of the development Bank of the Philippines and the Unionbank of the Philippines on foreign investment / _cBea Cara L. Cervantes. |
||
| 260 |
_aLas PiƱas City, Philippines : _bSouthville International School and Colleges, _c2004. |
||
| 300 |
_a59 pages : _billustrations ; _c28 cm. |
||
| 504 | _aIncludes bibliographical references. | ||
| 650 |
_aForeign investments _zPhilippines. |
||
| 650 |
_aInternational finance _zPhilippines. |
||
| 650 |
_aBank employees _zPhilippines _xAttitudes. |
||
| 942 |
_2lcc _cPASS |
||
| 999 |
_c97094 _d97094 |
||